Một số phương pháp vật lí thực nghiệm

Trình bày một số phương pháp thực nghiệm trong lĩnh vực vật lí hạt nhân. Một số phương pháp thực nghiệm trong lĩnh vực vật lí chất rắn và điện - từ. Giới thiệu một số phương pháp thực nghiệm trong lĩnh vực vật lí vô tuyến...

Description complète

Enregistré dans:
Détails bibliographiques
Auteur principal: Đào, Khắc An
Format: Livre
Langue:Undetermined
Publié: Hà Nội Giáo dục Việt Nam 2012
Sujets:
Tags: Ajouter un tag
Pas de tags, Soyez le premier à ajouter un tag!
Thư viện lưu trữ: Trung tâm Học liệu Trường Đại học Cần Thơ
LEADER 00998nam a2200205Ia 4500
001 CTU_207136
008 210402s9999 xx 000 0 und d
020 |c 325000 
082 |a 539 
082 |b A105 
100 |a Đào, Khắc An 
245 0 |a Một số phương pháp vật lí thực nghiệm 
245 0 |c Đào Khắc An (chủ biên) 
260 |a Hà Nội 
260 |b Giáo dục Việt Nam 
260 |c 2012 
520 |a Trình bày một số phương pháp thực nghiệm trong lĩnh vực vật lí hạt nhân. Một số phương pháp thực nghiệm trong lĩnh vực vật lí chất rắn và điện - từ. Giới thiệu một số phương pháp thực nghiệm trong lĩnh vực vật lí vô tuyến 
650 |a Vật lý nguyên tử,Vật lý,Physics,Nuclear physics 
904 |i Tuyến 
980 |a Trung tâm Học liệu Trường Đại học Cần Thơ